Mushkilāt al-taṣnīʻ fī al-duwal al-nāmiyah, (Record no. 49043)

MARC details
000 -LEADER
fixed length control field 00663cam a22002171 4500
001 - CONTROL NUMBER
control field ne 66001387
003 - CONTROL NUMBER IDENTIFIER
control field DLC
005 - DATE AND TIME OF LATEST TRANSACTION
control field 20260227111825.0
008 - FIXED-LENGTH DATA ELEMENTS--GENERAL INFORMATION
fixed length control field 840113s1965 ua 000 0 arar
010 ## - LIBRARY OF CONGRESS CONTROL NUMBER
LC control number ne 66001387
035 ## - SYSTEM CONTROL NUMBER
System control number (OCoLC)10296792
040 ## - CATALOGING SOURCE
Original cataloging agency DLC
Transcribing agency TxU
Modifying agency TxU
-- OCoLC
-- DLC
042 ## - AUTHENTICATION CODE
Authentication code premarc
050 00 - LIBRARY OF CONGRESS CALL NUMBER
Classification number HC59.7
Item number .L8
100 1# - MAIN ENTRY--PERSONAL NAME
Personal name Luṭfī, ʻAlī.
245 10 - TITLE STATEMENT
Title Mushkilāt al-taṣnīʻ fī al-duwal al-nāmiyah,
Statement of responsibility, etc. [taʼlīf] ʻAlī Luṭfī.
260 ## - PUBLICATION, DISTRIBUTION, ETC.
Place of publication, distribution, etc. [al-Qāhirah] :
Name of publisher, distributor, etc. Maṭbaʻat Lajnat al-Bayān al-ʻArabī,
Date of publication, distribution, etc. 1965.
300 ## - PHYSICAL DESCRIPTION
Extent 69, [3] p. ;
Dimensions 24 cm.
504 ## - BIBLIOGRAPHY, ETC. NOTE
Bibliography, etc. note Bibliography: p. [68]-[71]
651 #0 - SUBJECT ADDED ENTRY--GEOGRAPHIC NAME
Geographic name Developing countries.

No items available.

Powered by Koha